000 00381nam a2200145Ia 4500
008 100122s9999 xx 000 0 und d
082 _b13353
_a823.08
100 _aकर्णिक मधु मंगेश
245 _aगुंजा
260 _bश.स.डोळे
_c1965
300 _a169
630 _aगुंजा
730 _aगुंजा
942 _cBOOK
999 _c404182
_d404179